[Event "Druzynowe Mistrzostw Polski Juniorow - II Liga"]
[Site "Wroclaw"]
[Date "1899-12-30"]
[Round "1.1"]
[White "Stypka, Sebastian"]
[Black "Kaliszuk, Kamil"]
[Result "0-1"]
[WhiteTitle "II"]
[BlackTitle "k"]
[WhiteElo "1373"]
[BlackElo "2088"]

1. e4 e5 2. Nf3 Nc6 3. Nc3 Nf6 4. d4 exd4 5. Nxd4 Nxe4 6. Nxe4 Qe7 7. Bd3 Nxd4
8. O-O Ne6 9. f4 f5 10. Nf2 g6 11. g4 Qf7 12. Nh3 Bc5+ 13. Kh1 b5 14. Be2 Nd4
15. Bf3 Nxf3 16. Qxf3 Rb8 17. Re1+ Kd8 18. Ng5 Qf6 19. Qg3 Bb7+ 20. Nf3 fxg4 21.
Qxg4 Qf5 22. Qg2 Qxc2 23. Qxc2 Bxf3+ 24. Qg2 Bxg2+ 25. Kxg2 Re8 26. Bd2 d6 27.
Kf3 Bd4 28. Rxe8+ Kxe8 29. Re1+ Kd7 30. b3 Re8 31. Rc1 c5 32. Rb1 Kc6 33. h4 Bf6
34. h5 gxh5 35. Rh1 h4 36. Be1 h3 37. Bf2 a5 38. Rxh3 Re7 39. Rh5 a4 40. Rf5 Bg7
41. Bh4 Rc7 42. Bd8 Rd7 43. Bh4 axb3 44. axb3 c4 45. bxc4 bxc4 46. Ra5 c3 47.
Ke2 c2 48. Kd2 Bc3+ 0-1

[Event "Druzynowe Mistrzostw Polski Juniorow - II Liga"]
[Site "Wroclaw"]
[Date "1899-12-30"]
[Round "1.2"]
[White "Czernecki, Andrzej"]
[Black "Cieply, Krzysztof"]
[Result "1-0"]
[WhiteTitle "I"]
[BlackTitle "I"]
[WhiteElo "1876"]
[BlackElo "1763"]

1. e4 c5 2. Nf3 Nc6 3. Bb5 g6 4. Bxc6 bxc6 5. d4 Bg7 6. dxc5 Qa5+ 7. Nbd2 Ba6 8.
Rb1 Rb8 9. a3 Qxc5 10. b4 Qh5 11. c4 Nf6 12. O-O O-O 13. h3 d5 14. exd5 cxd5 15.
b5 Bb7 16. c5 Ne4 17. Qa4 Nc3 18. Qxa7 Nxb1 19. Nxb1 d4 20. c6 Bxc6 21. bxc6 Rxb1
22. Qxe7 Qd5 23. c7 Qc6 24. Bf4 Rxf1+ 25. Kxf1 Re8 26. Qb4 Qc2 27. Kg1 h6 28.
Qb8 Qc6 29. Qb3 Qd7 30. a4 g5 31. Qb5 Qe6 32. Bd6 Rc8 33. Qb8 d3 34. a5 d2 35.
Nxd2 Bc3 36. Nc4 Kg7 37. a6 Rg8 38. Qxg8+ Kxg8 39. a7 Qe1+ 40. Kh2 Qe4 41. c8=Q+
Kh7 42. a8=Q 1-0

[Event "Druzynowe Mistrzostw Polski Juniorow - II Liga"]
[Site "Wroclaw"]
[Date "1899-12-30"]
[Round "1.3"]
[White "Staniczek, Kacper"]
[Black "Wandor, Adam"]
[Result "0-1"]
[WhiteTitle "II"]
[BlackTitle "II"]
[WhiteElo "1345"]
[BlackElo "1571"]

1. e4 c5 2. Nf3 Nc6 3. d4 cxd4 4. Nxd4 g6 5. Nc3 Bg7 6. Be3 Nf6 7. Bc4 d6 8. Bb3
Ng4 9. Nxc6 bxc6 10. Qf3 O-O 11. Bd2 Qb6 12. h3 Ne5 13. Qe3 Ba6 14. Qxb6 axb6
15. Be3 Rfb8 16. O-O-O Nc4 17. Bxc4 Bxc4 18. Bd4 Bh6+ 19. Kb1 c5 20. Be3 Bg7 21.
Bd2 Bxc3 22. Bxc3 Bxa2+ 23. Kc1 Be6 24. Kd2 b5 25. b4 Rc8 26. Ra1 f6 27. bxc5
dxc5 28. Rxa8 Rxa8 29. Ra1 Rxa1 30. Bxa1 Bc4 31. h4 Kf7 32. Ke3 e5 33. g3 b4 34.
Bb2 Bb5 35. Ba1 c4 36. c3 b3 37. Bb2 Ke6 38. f3 h5 39. Kf2 Bc6 40. Ke3 f5 41.
Bc1 Kf6 42. Bb2 g5 43. Bc1 f4+ 44. Kf2 g4 45. fxg4 hxg4 46. h5 Bxe4 47. h6 Bg6
48. Kg2 Kf5 49. Kf2 Ke4 50. gxf4 exf4 51. Ke2 g3 52. Kf1 f3 53. Kg1 Kd3 0-1

[Event "Druzynowe Mistrzostw Polski Juniorow - II Liga"]
[Site "Wroclaw"]
[Date "1899-12-30"]
[Round "1.4"]
[White "Osinski, Maksymilian"]
[Black "Wojs, Alicja"]
[Result "1/2-1/2"]
[WhiteTitle "II"]
[BlackTitle "I++"]
[WhiteElo "1329"]
[BlackElo "1566"]

1. e4 e6 2. d4 d5 3. Nd2 a6 4. Ngf3 c5 5. exd5 exd5 6. dxc5 Bxc5 7. Nb3 Bb6 8.
Bd3 Nf6 9. Qe2+ Qe7 10. c3 Qxe2+ 11. Kxe2 Bg4 12. h3 Bh5 13. Re1 O-O 14. Be3 Bc7
15. Rad1 Nc6 16. Bd4 Ne4 17. Kf1 Rfe8 18. g4 Bg6 19. Nh4 Rac8 20. Nxg6 hxg6 21.
Bxe4 dxe4 22. Nc5 f5 23. gxf5 gxf5 24. Nxb7 Rb8 25. Nc5 Rxb2 26. Nxa6 Ba5 27.
Re2 Rxe2 28. Kxe2 Nxd4+ 29. cxd4 Ra8 30. Nc5 Bb4 31. a4 Bxc5 32. dxc5 Rxa4 33.
Rc1 Kf7 34. c6 Ra8 35. Ke3 Ke6 36. Kf4 Kf6 37. c7 g5+ 38. Ke3 Rc8 39. Kd4 Ke6
40. Rc5 Kd6 41. Rxf5 Rxc7 42. Rxg5 Rf7 43. Rg2 Rh7 44. Kxe4 Rxh3 45. f4 Ke6 46.
Rg6+ Kf7 47. Ra6 Rh5 48. f5 Rh1 49. Ra7+ Kf8 50. Ke5 Rh6 51. Ra8+ Kf7 52. Ra7+
Kf8 53. Ra8+ Kf7 54. Ra7+ Kf8 55. Ra4 Ke8 56. Ra8+ Kf7 57. Rb8 Ra6 58. Kf4 Kf6
59. Rf8+ Kg7 60. Re8 Kf6 61. Re6+ Rxe6 62. fxe6 Kxe6 1/2-1/2

[Event "Druzynowe Mistrzostw Polski Juniorow - II Liga"]
[Site "Wroclaw"]
[Date "1899-12-30"]
[Round "1.5"]
[White "Lach, Alicja"]
[Black "Kokot, Agnieszka"]
[Result "0-1"]
[WhiteTitle "I"]
[BlackTitle "I"]
[WhiteElo "1367"]
[BlackElo "1275"]

1. e4 c5 2. Nc3 Nc6 3. f4 d6 4. Nf3 g6 5. Bb5 Bd7 6. Bxc6 Bxc6 7. d3 Bg7 8. O-O
e6 9. Qe1 Ne7 10. Qh4 Qc7 11. Rb1 O-O-O 12. Bd2 d5 13. b4 d4 14. Ne2 Ba4 15. Rb2
Rd7 16. b5 f5 17. Ng5 Bf6 18. e5 Bxg5 19. Qxg5 Nd5 20. Qg3 Rhd8 21. Rfb1 Nb6 22.
Ba5 Rg7 23. c4 Rdg8 24. Qe1 g5 25. Qc1 gxf4 26. Nxf4 Rg4 27. Re2 Qg7 28. Bxb6
axb6 29. Rbb2 Qg5 30. Rf2 Kd7 31. Qf1 h5 32. h3 Rg3 33. Kh2 h4 34. Kh1 Re3 35.
Rf3 Rxe5 36. Re2 Qf6 37. Rff2 Rxe2 38. Rxe2 Re8 39. Qf3 Kc8 40. Qh5 Re7 41. Ng6
Rg7 42. Qh8+ Kc7 43. Rxe6 Qxe6 44. Qxg7+ Qd7 45. Qe5+ Kc8 46. Ne7+ Kd8 47. Nxf5
Bc2 48. Nxh4 Bxd3 49. Qg5+ Qe7 50. Qg3 Be4 51. Qg8+ Kc7 52. Qg3+ Kc8 53. Qg4+
Kb8 54. Qg3+ Ka8 55. Qa3+ Kb8 56. Qg3+ Qc7 57. Qe1 Qf4 58. a4 d3 59. a5 d2 60.
Qa1 Qxh4 0-1

[Event "Druzynowe Mistrzostw Polski Juniorow - II Liga"]
[Site "Wroclaw"]
[Date "1899-12-30"]
[Round "1.6"]
[White "Kaminska, Zuzanna"]
[Black "Moczala, Maja"]
[Result "0-1"]
[WhiteTitle "I"]
[BlackTitle "I+"]
[WhiteElo "1201"]
[BlackElo "1375"]

1. e4 c5 2. Nf3 Nc6 3. d4 cxd4 4. Nxd4 Nf6 5. Nc3 d6 6. Bc4 e6 7. Be3 a6 8. Bb3
Bd7 9. f3 b5 10. Qd2 Rc8 11. g4 h6 12. O-O-O Na5 13. h4 b4 14. Nce2 Nxb3+ 15.
Nxb3 a5 16. g5 Nh5 17. Nbd4 e5 18. Nf5 Bxf5 19. exf5 Qc7 20. f4 a4 21. Kb1 b3
22. c3 bxa2+ 23. Ka1 a3 24. fxe5 dxe5 25. Qc2 axb2+ 26. Qxb2 Rb8 27. Qxa2 Qc6
28. Rb1 Ra8 29. Ba7 Bc5 30. Bxc5 Rxa2+ 31. Kxa2 Qxc5 32. Rb8+ Ke7 33. Rxh8 Qd5+
34. Kb2 Qxh1 35. gxh6 gxh6 36. Rxh6 Qg2 0-1

[Event "Druzynowe Mistrzostw Polski Juniorow - II Liga"]
[Site "Wroclaw"]
[Date "1899-12-30"]
[Round "1.7"]
[White "Dziendziel, Mateusz"]
[Black "Kubica, Dominik"]
[Result "1-0"]
[WhiteTitle "I"]
[BlackTitle "I"]
[WhiteElo "1884"]
[BlackElo "1595"]

1. e4 e6 2. d4 d5 3. Nc3 dxe4 4. Nxe4 Nd7 5. Nf3 Ngf6 6. Nxf6+ Nxf6 7. Bd3 Be7
8. O-O O-O 9. Ne5 c5 10. dxc5 Bxc5 11. Bg5 Be7 12. Qe2 Qc7 13. c4 b6 14. Rfd1
h6 15. Bf4 Bd6 16. Bg3 Rd8 17. Rac1 Bb7 18. Bb1 Rac8 19. a3 Qe7 20. h3 a5 21.
Bh4 Bc5 22. Ng4 g5 23. Nxh6+ Kf8 24. Bxg5 Bd4 25. Ng4 Ba8 26. Rxd4 Rxd4 27. Bxf6
Qb7 28. Ne3 Rf4 29. Bg5 Rd4 30. Qh5 Ke8 31. Qh8+ Kd7 32. Qxd4+ 1-0

[Event "Druzynowe Mistrzostw Polski Juniorow - II Liga"]
[Site "Wroclaw"]
[Date "1899-12-30"]
[Round "1.8"]
[White "Sputowski, Jakub"]
[Black "Herwy, Jakub"]
[Result "0-1"]
[WhiteTitle "I"]
[BlackTitle "I++"]
[WhiteElo "1677"]
[BlackElo "1905"]

1. e4 c5 2. Nf3 e6 3. d4 cxd4 4. Nxd4 a6 5. Nc3 Qc7 6. g3 Nf6 7. Bg2 Nc6 8. O-O
Be7 9. Re1 O-O 10. Nxc6 dxc6 11. e5 Rd8 12. Qe2 Nd5 13. Nxd5 cxd5 14. c3 Bd7 15.
Qg4 Rdc8 16. Bh6 Bf8 17. h4 Kh8 18. Bg5 b5 19. h5 h6 20. Be3 Qxe5 21. Bxh6 Qd6
22. Be3 b4 23. h6 g6 24. Qf3 f5 25. g4 Kh7 26. gxf5 gxf5 27. Bf4 Qe7 28. Qe3 Qf6
29. Bg5 Qg6 30. f4 Bc5 0-1

[Event "Druzynowe Mistrzostw Polski Juniorow - II Liga"]
[Site "Wroclaw"]
[Date "1899-12-30"]
[Round "1.9"]
[White "Lecki, Leonard"]
[Black "Dylong, Antoni"]
[Result "1/2-1/2"]
[WhiteTitle "I"]
[BlackTitle "I"]
[WhiteElo "1612"]
[BlackElo "1576"]

1. e4 e6 2. c4 d5 3. exd5 exd5 4. cxd5 Nf6 5. Bb5+ Nbd7 6. Nc3 a6 7. Be2 Nb6 8.
Nf3 Nbxd5 9. d4 Be7 10. O-O O-O 11. Bg5 h6 12. Bh4 Nxc3 13. bxc3 Nd5 14. Bxe7
Qxe7 15. Rc1 Bg4 16. h3 Nf4 17. Re1 Nxe2+ 18. Rxe2 Bxf3 19. Re4 Qe6 20. Rxe6 Be2
21. Re7 Bxd1 22. Rxd1 Rac8 23. Rde1 Rfd8 24. Kh2 Kf8 25. Kg3 Re8 26. Rxe8+ Rxe8
27. Rxe8+ Kxe8 28. Kf4 Kd7 29. Ke5 Kc6 30. f4 Kb5 31. Kd5 Ka4 32. Kc5 Ka3 33.
c4 Kxa2 34. Kb4 Kb2 35. f5 Kc2 36. d5 b6 37. c5 a5+ 38. Kb5 bxc5 39. Kc6 a4 40.
Kxc7 a3 41. d6 a2 42. d7 a1=Q 43. d8=Q Qa5+ 44. Kd7 Qxd8+ 45. Kxd8 Kd3 46. Ke7
Ke4 47. g4 f6 48. Kf7 c4 49. Kxg7 Ke5 50. h4 Kf4 51. g5 hxg5 52. h5 c3 53. h6
c2 54. h7 c1=Q 55. h8=Q Qc7+ 56. Kg6 Qe5 57. Qxf6 Qxf6+ 58. Kxf6 g4 59. Ke6 g3
60. f6 g2 61. f7 g1=Q 62. f8=Q+ Kg3 1/2-1/2

[Event "Druzynowe Mistrzostw Polski Juniorow - II Liga"]
[Site "Wroclaw"]
[Date "1899-12-30"]
[Round "1.10"]
[White "Nguyen, Doan Quoc Anh"]
[Black "Radzimski, Antoni"]
[Result "0-1"]
[WhiteTitle "II"]
[BlackTitle "I"]
[WhiteElo "1293"]
[BlackElo "1627"]

1. e4 c5 2. Nf3 Nc6 3. d4 cxd4 4. Nxd4 Qb6 5. Nb3 Nf6 6. Bd3 e6 7. Be3 Qc7 8. O-O
d5 9. Nc3 dxe4 10. Nxe4 Nxe4 11. Bxe4 Bd6 12. h3 O-O 13. c3 f5 14. Bxc6 bxc6 15.
f4 c5 16. Qe2 Bb7 17. Rad1 Rf6 18. Qd2 Rg6 19. Rf2 e5 20. fxe5 Bxe5 21. Qd7 f4
22. Qxc7 Bxc7 23. Bxf4 Bxf4 24. Rxf4 Rxg2+ 25. Kf1 Rxb2 26. Nxc5 Bg2+ 27. Kg1
Bxh3 28. Rd3 Rc8 29. Ne4 Be6 30. Nc5 Bxa2 31. Rd7 h6 32. Ne4 Rb1+ 33. Kh2 Rb2+
34. Kg1 Rc6 35. Rg4 Bf7 36. Nd6 Be6 37. Rgxg7+ Kf8 38. Rxa7 Rxd6 39. Rh7 Rd1#
0-1

[Event "Druzynowe Mistrzostw Polski Juniorow - II Liga"]
[Site "Wroclaw"]
[Date "1899-12-30"]
[Round "1.11"]
[White "Obrochta, Lena"]
[Black "Kulpa, Karolina"]
[Result "1-0"]
[WhiteTitle "I++"]
[BlackTitle "I"]
[WhiteElo "1690"]
[BlackElo "1461"]

1. e4 c5 2. Nf3 d6 3. d4 cxd4 4. Nxd4 Nf6 5. Nc3 a6 6. Be2 e5 7. Nf3 h6 8. O-O
Be7 9. a4 O-O 10. h3 Be6 11. Re1 Nbd7 12. Bf1 Rc8 13. a5 Kh8 14. Nd2 Qc7 15. Nb3
Rfd8 16. f4 exf4 17. Bxf4 Ne5 18. Kh2 d5 19. Kh1 dxe4 20. Qc1 Bd6 21. Nxe4 Nxe4
22. Rxe4 Ng6 23. Bxd6 Rxd6 24. Qe3 Qxc2 25. Rc1 Qxb2 26. Rxc8+ Bxc8 27. Re8+ Kh7
28. Rxc8 Rf6 29. Bd3 Rf2 30. Qe8 h5 31. Qh8# 1-0

[Event "Druzynowe Mistrzostw Polski Juniorow - II Liga"]
[Site "Wroclaw"]
[Date "1899-12-30"]
[Round "1.12"]
[White "Cichon, Julia"]
[Black "Salamon, Julia"]
[Result "0-1"]
[WhiteTitle "II+"]
[BlackTitle "I++"]
[WhiteElo "1054"]
[BlackElo "1465"]

1. e4 c5 2. Nc3 Nc6 3. g3 e6 4. Bg2 Nf6 5. d3 Be7 6. Nge2 O-O 7. O-O d5 8. exd5
exd5 9. Bg5 d4 10. Bxf6 Bxf6 11. Nd5 Bg4 12. h3 Be6 13. Nef4 Be5 14. Qd2 h6 15.
Nxe6 fxe6 16. Nf4 Bxf4 17. gxf4 Qh4 18. Rae1 Rae8 19. Re4 Rf5 20. Rfe1 Kf7 21.
Qe2 Qf6 22. Qd2 Nb4 23. a3 Nd5 24. Qa5 Nxf4 25. Qxa7 Nxg2 26. Kxg2 Rxf2+ 27. Kg1
Rf3 28. Qxb7+ Re7 29. Qb8 h5 30. Qh2 h4 31. Rg4 Kg8 32. Qg2 Rf7 33. Rg6 Qf5 34.
Rg5 Qf4 35. Rg4 Qb8 36. b3 Rf2 37. Qh1 Qf8 38. Qe4 Rf1+ 39. Rxf1 Rxf1+ 40. Kg2
Qf2# 0-1

[Event "Druzynowe Mistrzostw Polski Juniorow - II Liga"]
[Site "Wroclaw"]
[Date "1899-12-30"]
[Round "1.13"]
[White "Borkowski, Stanislaw"]
[Black "Bochniak, Franciszek"]
[Result "1/2-1/2"]
[WhiteTitle "I"]
[BlackTitle "I+"]
[WhiteElo "1734"]
[BlackElo "1664"]

1. e4 e5 2. Nf3 Nf6 3. Nxe5 Nxe4 4. Qe2 Qe7 5. Qxe4 d6 6. d4 dxe5 7. Qxe5 Qxe5+
8. dxe5 Nc6 9. Bb5 Bd7 10. Bxc6 Bxc6 11. O-O O-O-O 12. Re1 Bc5 13. Bg5 Rde8 14.
Bf4 Re7 15. Rd1 Rhe8 16. Nc3 b5 17. a3 a5 18. h3 g5 19. Bg3 b4 20. axb4 axb4 21.
Nd5 Rxe5 22. Bxe5 Rxe5 23. Ne3 Bxe3 24. fxe3 Rxe3 25. Kf2 Re4 26. Rd2 g4 27. hxg4
Rxg4 28. g3 Rc4 29. Rc1 h5 30. c3 h4 31. Rd4 hxg3+ 32. Kxg3 Rxd4 33. cxd4 Bd5
34. Kf4 c6 35. Ke5 Kc7 36. Rg1 Kb6 37. Kd6 b3 38. Rg8 Kb5 39. Rg3 Kc4 40. Ke5
f6+ 41. Kxf6 Kxd4 42. Ke7 c5 43. Kd6 c4 44. Rh3 Be4 45. Rc3 Bd5 46. Rc1 Be4 47.
Rc3 Bd5 48. Kc7 Kc5 49. Kd7 Kd4 50. Kc7 Kc5 51. Kb8 Kb6 52. Kc8 Kc6 53. Kd8 Kd6
54. Ke8 Ke5 55. Ke7 Kd4 56. Kf6 Be4 57. Ke6 Bd3 58. Kd6 Be4 59. Ke5+ Kxe5 1/2-1/2

[Event "Druzynowe Mistrzostw Polski Juniorow - II Liga"]
[Site "Wroclaw"]
[Date "1899-12-30"]
[Round "1.14"]
[White "Merecki, Antoni"]
[Black "Lewandowski, Witold"]
[Result "1-0"]
[WhiteTitle "II"]
[BlackTitle "I"]
[WhiteElo "1543"]
[BlackElo "1547"]

1. e4 d6 2. d4 Nf6 3. Nc3 g6 4. Bg5 Bg7 5. e5 dxe5 6. dxe5 Qxd1+ 7. Rxd1 Nfd7 8.
Nd5 Bxe5 9. Nf3 Bd6 10. Bxe7 Bxe7 11. Nxc7+ Kd8 12. Nxa8 Bf6 13. Bc4 Re8+ 14.
Kd2 Bxb2 15. c3 b6 16. Ng5 Ne5 17. Bd5 f6 18. Kc2 fxg5 19. Bf7+ Bd7 20. Bxe8 Kxe8
21. Kxb2 Kd8 22. h4 g4 23. h5 Kc8 24. hxg6 hxg6 25. Rh7 Kb7 26. Kc1 Kc6 27. Rd4
b5 28. a4 a6 29. a5 Nc4 30. Nb6 Nxb6 31. axb6 Bf5 32. b7 a5 33. Rd8 1-0

[Event "Druzynowe Mistrzostw Polski Juniorow - II Liga"]
[Site "Wroclaw"]
[Date "1899-12-30"]
[Round "1.15"]
[White "Stanislawski, Karol"]
[Black "Sliz, Karol"]
[Result "1-0"]
[WhiteTitle "I"]
[BlackTitle "II+"]
[WhiteElo "1678"]
[BlackElo "1615"]

1. d4 Nf6 2. Nf3 e6 3. g3 b6 4. Bg2 Bb7 5. O-O Be7 6. c4 O-O 7. Nc3 Ne4 8. Qc2
Nxc3 9. Qxc3 f5 10. Rd1 Bf6 11. b4 Qe7 12. Ba3 d6 13. Qe3 Nd7 14. Rac1 Rfe8 15.
c5 1-0

[Event "Druzynowe Mistrzostw Polski Juniorow - II Liga"]
[Site "Wroclaw"]
[Date "1899-12-30"]
[Round "1.16"]
[White "Lonski, Aleksander"]
[Black "Gorecki, Michal"]
[Result "1-0"]
[WhiteTitle "II"]
[BlackTitle "II"]
[WhiteElo "1517"]
[BlackElo "1311"]

1. e4 c5 2. c4 d6 3. Ne2 Nc6 4. d4 cxd4 5. Nxd4 g6 6. Be3 Nf6 7. f3 Bg7 8. Qd2
O-O 9. Be2 Nd7 10. Nc3 Nb6 11. h4 Ne5 12. b3 h5 13. Bh6 a5 14. a4 Nbd7 15. Nd5
e6 16. Bg5 f6 17. Nxe6 Qe8 18. Nxg7 Nxf3+ 19. gxf3 Qe5 20. Qc3 Qg3+ 21. Kd2 Kxg7
22. Rag1 Qe5 23. Qxe5 dxe5 24. Be3 Rd8 25. Nc7 Ra6 26. Nxa6 bxa6 27. Kc3 Nf8 28.
Rd1 Re8 29. Rd6 Kf7 30. Rhd1 Ne6 31. c5 Kf8 32. Bc4 Re7 33. Bxe6 Bxe6 34. c6 Kf7
35. Bc5 Rc7 36. Rd7+ 1-0

[Event "Druzynowe Mistrzostw Polski Juniorow - II Liga"]
[Site "Wroclaw"]
[Date "1899-12-30"]
[Round "1.17"]
[White "Oszutowska, Anna"]
[Black "Grzesik, Nikola"]
[Result "1-0"]
[WhiteTitle "I"]
[BlackTitle "I"]
[WhiteElo "1248"]
[BlackElo "1452"]

1. e4 c5 2. Nf3 e6 3. d4 cxd4 4. Nxd4 Nc6 5. Be3 a6 6. Be2 Qc7 7. O-O Nf6 8. f3
Be7 9. c4 d6 10. Nc3 O-O 11. Rc1 Ne5 12. b3 Bd7 13. Qd2 Rfd8 14. Rfd1 Ng6 15.
Kh1 Qc8 16. Bf1 h5 17. Nde2 Bc6 18. Nf4 Ne5 19. Nd3 Nxd3 20. Qxd3 Nd7 21. Nd5
exd5 22. cxd5 Nc5 23. Qd2 Be8 24. b4 b6 25. bxc5 bxc5 26. Qa5 Rd7 27. Rb1 Bd8
28. Qa3 f6 29. g3 Re7 30. Bf2 Bb5 31. Bxb5 axb5 32. Qb3 b4 33. Rdc1 Qa6 34. Rc2
Qa3 35. Kg2 Kf8 36. Qxa3 Rxa3 37. Rb3 Rxb3 38. axb3 Rb7 39. Ra2 Bb6 40. Ra8+ Kf7
41. f4 Bc7 42. Kf3 Ke7 43. Ke2 Kf7 44. Kd3 Ke7 45. Kc4 Kf7 46. Be3 g6 47. h3 Kg7
48. Bc1 Kf7 49. Bb2 Bb6 50. e5 fxe5 51. fxe5 dxe5 52. Bxe5 Rd7 53. Rh8 Ke7 54.
Rh7+ Ke8 55. Rxd7 Kxd7 56. Kb5 Bd8 57. Kxc5 Be7+ 58. d6 Bg5 59. Kxb4 Ke6 60. Bf4
Bd8 61. Kc5 g5 62. Bd2 g4 63. hxg4 hxg4 64. Bf4 Kd7 65. b4 Bf6 66. b5 Kc8 67.
Kc6 Bd4 68. d7+ Kd8 69. Bg5+ 1-0

[Event "Druzynowe Mistrzostw Polski Juniorow - II Liga"]
[Site "Wroclaw"]
[Date "1899-12-30"]
[Round "1.18"]
[White "Sliwicka, Weronika"]
[Black "Lukasik, Aleksandra"]
[Result "0-1"]
[WhiteTitle "I"]
[BlackTitle "II+"]
[WhiteElo "1281"]
[BlackElo "1127"]

1. e4 d6 2. d4 Nf6 3. Nc3 Nbd7 4. Nf3 e5 5. dxe5 dxe5 6. a3 Be7 7. Bc4 h6 8. O-O
O-O 9. Re1 c6 10. Bd2 Qc7 11. Nh4 Rd8 12. Qc1 Nf8 13. h3 Rd4 14. Bd3 Nxe4 15.
Nf3 Nxd2 16. Qxd2 Rd8 17. Rxe5 Ng6 18. Ree1 Bf6 19. Bxg6 fxg6 20. Qe2 Bd7 21.
Qc4+ Kh7 22. Rad1 Bf5 23. Nd5 Qf7 24. Nxf6+ Qxf6 25. Qb3 Rxd1 26. Rxd1 b6 27.
c4 Re8 28. Nd4 c5 29. Nxf5 Qxf5 30. Qd3 Re1+ 31. Kh2 Qf4+ 32. Qg3 Qxg3+ 33. Kxg3
Rxd1 34. Kf3 Rd4 35. Ke3 Rxc4 36. Kd3 Rc1 37. Kd2 Rb1 38. Kc3 Rf1 39. Kc4 Rxf2
40. b3 a6 41. b4 cxb4 42. Kxb4 Rxg2 43. Ka4 Rh2 44. Kb4 Rxh3 0-1

[Event "Druzynowe Mistrzostw Polski Juniorow - II Liga"]
[Site "Wroclaw"]
[Date "1899-12-30"]
[Round "1.19"]
[White "Kolodziejski, Piotr"]
[Black "Lichorad, Mateusz"]
[Result "1/2-1/2"]
[WhiteTitle "k"]
[BlackTitle "I+"]
[WhiteElo "2107"]
[BlackElo "1983"]

1. e4 c5 2. Nf3 e6 3. d4 cxd4 4. Nxd4 Nc6 5. Nc3 Qc7 6. Be2 a6 7. Be3 Nf6 8. O-O
Be7 9. f4 d6 10. Qe1 O-O 11. Qg3 Nxd4 12. Bxd4 b5 13. a3 Bb7 14. Bd3 Rad8 15.
Kh1 Bc6 16. Rae1 Qd7 17. Nd1 Nh5 18. Qg4 Nf6 19. Qe2 Qb7 20. Nf2 Rfe8 21. Ng4
Nxg4 22. Qxg4 g6 23. Qh3 Bf8 24. Bf6 Rc8 25. Re3 Bg7 26. e5 Bd5 27. Rf2 Qb6 28.
c3 a5 29. exd6 Qxd6 30. Bxg7 Kxg7 31. Bxb5 Bc6 32. Bf1 Red8 33. Rd3 Qc5 34. Rfd2
Rd5 35. Rxd5 Bxd5 36. Qd3 Qe7 37. Qd4+ Kg8 38. Kg1 Qb7 39. g3 Qb3 40. h4 h5 41.
Kf2 Qa2 42. Be2 Qb1 43. c4 Bb7 44. Rd1 Qf5 45. Bf1 Qg4 46. Rd3 Qf5 47. Bg2 Ba6
48. Rc3 Qb1 49. Qd2 Rxc4 50. Rxc4 Bxc4 51. Qc3 Bd5 52. Bxd5 exd5 53. Qd2 Qa2 54.
Qd4 Qb3 55. Qc3 Qb6+ 56. Ke2 Qb5+ 57. Kd2 Kf8 58. b4 Qf1 59. bxa5 Qf2+ 60. Kd1
d4 61. Qd3 Qg1+ 62. Kc2 Qg2+ 63. Kb3 Qd5+ 64. Kb4 Ke8 65. Qb5+ Qxb5+ 66. Kxb5
d3 67. a6 d2 68. a7 d1=Q 69. a8=Q+ Kd7 70. Qc6+ Kd8 71. Qf6+ Ke8 72. Qe5+ Kd7
73. Qc3 Qd5+ 74. Kb4 Qb7+ 75. Kc4 Qc6+ 76. Kd4 Qd6+ 77. Ke3 Qe6+ 78. Kf3 Qg4+
79. Kf2 Qd1 80. Ke3 Qg1+ 81. Ke4 Qg2+ 82. Ke5 Qe2+ 83. Kf6 Qe7+ 84. Kg7 f6+ 85.
Kxg6 Qe8+ 86. Kh7 Qf7+ 87. Kh6 Qf8+ 88. Kxh5 Qh8+ 89. Kg6 Qg8+ 90. Kf5 Qe6+ 91.
Kg6 Qg8+ 92. Kh6 Qh8+ 93. Kg6 Qg8+ 94. Kh5 Qh8+ 95. Kg6 Qg8+ 96. Kf5 Qe6+ 97.
Kg6 Qg8+ 98. Kf5 Qe6+ 99. Kg6 Qg8+ 1/2-1/2

[Event "Druzynowe Mistrzostw Polski Juniorow - II Liga"]
[Site "Wroclaw"]
[Date "1899-12-30"]
[Round "1.20"]
[White "Mosny, Kamil"]
[Black "Kejna, Piotr"]
[Result "1/2-1/2"]
[WhiteTitle "I"]
[BlackTitle "CM"]
[WhiteElo "1730"]
[BlackElo "1970"]

1. d4 Nf6 2. c4 e5 3. dxe5 Ng4 4. e4 Nxe5 5. f4 Nec6 6. Be3 Bb4+ 7. Nd2 Qe7 8.
Bd3 f5 9. Qh5+ g6 10. Qf3 fxe4 11. Qxe4 O-O 12. a3 Re8 13. Qxe7 Bxe7 14. Kf2 Bf6
15. Rb1 d6 16. Ngf3 Nd7 17. b4 Bg7 18. Ne4 Ne7 19. Bd4 Nf5 20. Bxg7 Kxg7 21. h4
h5 22. Rhe1 Nf8 23. Neg5 Bd7 24. Rbd1 Nh6 25. Be4 Rab8 26. Kg1 Bg4 27. Rc1 Re7
28. Bd3 Rbe8 29. Rxe7+ Rxe7 30. Re1 Rxe1+ 31. Nxe1 Nf5 32. Bxf5 Bxf5 33. Kf2 Nd7
34. Ke3 Kf6 35. Nef3 c6 36. Nd2 Ke7 37. Nb3 Nf8 38. c5 d5 39. Kd4 Kf6 40. Ke3
Bc8 41. Nd4 Bd7 42. Kf3 b6 43. Nb3 Bc8 44. Ke3 Nd7 45. Nf3 Nb8 46. Ne5 Bb7 47.
Kf3 Na6 48. cxb6 axb6 49. Nd7+ Ke7 50. Nxb6 Kd6 51. Na4 Bc8 52. Nac5 Nc7 53. Nd4
Na8 54. a4 Bg4+ 55. Ke3 Nb6 56. a5 Nc4+ 57. Kd3 Nxa5 58. bxa5 Kxc5 59. a6 Kb6
60. a7 Kxa7 61. Nxc6+ Kb6 62. Nd4 Kc5 63. Nb3+ Kd6 64. Nd2 Ke6 65. Nf1 Kf5 66.
g3 Bf3 67. Ne3+ Ke6 68. Kd4 Be4 69. Nd1 Bf3 70. Ne3 Be4 71. Nf1 Kf5 72. Ne3+ Ke6
1/2-1/2

[Event "Druzynowe Mistrzostw Polski Juniorow - II Liga"]
[Site "Wroclaw"]
[Date "1899-12-30"]
[Round "1.21"]
[White "Komendecki, Antoni"]
[Black "Smolinski, Wojciech"]
[Result "1-0"]
[WhiteTitle "I++"]
[BlackTitle "II"]
[WhiteElo "1880"]
[BlackElo "1278"]

1. c4 e5 2. Nc3 Nc6 3. g3 g6 4. Bg2 Bg7 5. e3 d6 6. Nge2 f5 7. d4 Nf6 8. O-O O-O
9. Rb1 a6 10. b4 Qe8 11. b5 axb5 12. Nxb5 Qe7 13. Nec3 Nd8 14. dxe5 dxe5 15. Nd5
Nxd5 16. cxd5 Nf7 17. Qc2 Bd7 18. Ba3 Rxa3 19. d6 Nxd6 20. Nxa3 1-0

[Event "Druzynowe Mistrzostw Polski Juniorow - II Liga"]
[Site "Wroclaw"]
[Date "1899-12-30"]
[Round "1.22"]
[White "Fronczek, Michal"]
[Black "Karaszewski, Gabriel"]
[Result "0-1"]
[WhiteTitle "III"]
[BlackTitle "II"]
[WhiteElo "1092"]
[BlackElo "1560"]

1. e4 c5 2. Nf3 d6 3. d3 Nc6 4. g3 g6 5. Bg2 Bg7 6. O-O e5 7. Be3 Nge7 8. Nbd2
O-O 9. a3 h6 10. Nc4 f5 11. exf5 gxf5 12. Bc1 Ng6 13. Ne1 Be6 14. Nd2 d5 15. Nb3
Qd6 16. Nf3 f4 17. Qe2 b5 18. Bd2 Rae8 19. Rae1 e4 20. dxe4 dxe4 21. Qxb5 exf3
22. Bxf3 Nce5 23. Be2 f3 24. Bd1 Bc4 25. Qxc5 Qxc5 26. Nxc5 Bxf1 27. Kxf1 Nc4
28. Bc1 Rxe1+ 29. Kxe1 Nxb2 30. Be3 Bc3+ 31. Kf1 Nxd1 32. Bxh6 Re8 33. Nd3 Nb2
34. Be3 Nxd3 35. cxd3 Ne5 36. d4 Ng4 37. h3 Nxe3+ 38. fxe3 Rxe3 39. Kf2 Bxd4 0-1

[Event "Druzynowe Mistrzostw Polski Juniorow - II Liga"]
[Site "Wroclaw"]
[Date "1899-12-30"]
[Round "1.23"]
[White "Szachniewicz, Weronika"]
[Black "Trybus, Dominika"]
[Result "0-1"]
[WhiteTitle "I"]
[BlackTitle "I++"]
[WhiteElo "1305"]
[BlackElo "1532"]

1. e4 d5 2. exd5 Qxd5 3. Nc3 Qa5 4. Nf3 Bg4 5. h3 Bxf3 6. Qxf3 c6 7. Bc4 Nf6 8.
O-O Nbd7 9. d4 e6 10. a3 Be7 11. Bf4 O-O 12. Rad1 b5 13. Bd3 Nd5 14. Nxd5 cxd5
15. c3 Qb6 16. Ra1 a5 17. b4 Ra7 18. Qe2 Rc8 19. Bxb5 Rxc3 20. bxa5 Qd8 21. a4
Bf6 22. Qd2 Rc8 23. a6 Nb6 24. Rac1 Nc4 25. Qd3 Raa8 26. Rc2 Qb6 27. Rfc1 Bxd4
28. Be3 Bxe3 29. Qxe3 Qxe3 30. fxe3 Kf8 31. Bxc4 dxc4 32. Rxc4 Rxc4 33. Rxc4 Rxa6
34. Kf2 Ke7 35. Ke2 Kd6 36. Kd3 Ra5 37. Kc3 Rc5 38. Kb4 Rxc4+ 39. Kxc4 Kc6 40.
a5 h5 41. a6 Kb6 42. a7 Kxa7 43. Kc5 e5 44. Kd5 f6 45. Ke6 Kb6 46. Kf7 f5 47.
Kxg7 e4 48. g3 h4 49. gxh4 f4 50. exf4 e3 51. f5 e2 52. f6 e1=Q 53. f7 Qg3+ 54.
Kf6 Qxh4+ 55. Kg6 Qh8 56. h4 Kc7 57. h5 Kd7 58. h6 Ke7 59. h7 Qf6+ 60. Kh5 Kxf7
0-1

[Event "Druzynowe Mistrzostw Polski Juniorow - II Liga"]
[Site "Wroclaw"]
[Date "1899-12-30"]
[Round "1.24"]
[White "Zylak, Emilia"]
[Black "Miklosz, Malgorzata"]
[Result "0-1"]
[WhiteTitle "III"]
[BlackTitle "I"]
[WhiteElo "1000"]
[BlackElo "1255"]

1. e4 c5 2. Nf3 a6 3. d4 cxd4 4. Nxd4 Nf6 5. Nc3 e5 6. Nb3 Bb4 7. Bg5 h6 8. Bh4
Bxc3+ 9. bxc3 d6 10. Nd2 b5 11. Qf3 Nbd7 12. Be2 Bb7 13. O-O Nc5 14. Bxf6 Qxf6
15. Qxf6 gxf6 16. Bf3 Ke7 17. Rfe1 Rac8 18. Re3 Na4 19. Nb1 Rc4 20. Kf1 Rhc8 21.
Bg4 R8c7 22. Bf5 Nxc3 23. Nxc3 Rxc3 24. Rxc3 Rxc3 25. Rc1 Rc4 26. f3 Rb4 27. a3
Ra4 28. Ra1 Bc6 29. c3 a5 30. Ke2 b4 31. cxb4 axb4 32. Kd2 Rxa3 33. Rxa3 bxa3
34. Kc2 Ba4+ 35. Kc3 Kd8 36. Bh3 a2 37. Kb2 Bb3 38. g3 Bc4 39. Bg4 Kc7 40. Bh3
Kb6 41. Bg4 Kc5 42. h3 Kd4 43. Bh5 Ke3 44. Bg4 Kf2 45. Bh5 Kxg3 46. Bg4 Kh4 47.
Ka1 h5 48. Bf5 Kg3 49. Kb2 Kxf3 50. Ka1 Bd3 51. Kxa2 Bxe4 52. Bxe4+ Kxe4 53. Kb2
Kf3 54. Kc3 e4 55. Kd4 e3 56. Kd5 e2 57. Kxd6 e1=Q 58. Kd5 Qe5+ 59. Kc4 Ke3 60.
Kb3 Qd4 61. Kc2 Qc4+ 62. Kb1 Qb3+ 63. Kc1 Kd3 64. h4 Qc2# 0-1